El difunto Matías Pascal
Αποθηκεύτηκε σε:
| Κύριος συγγραφέας: | |
|---|---|
| Μορφή: | Βιβλίο |
| Γλώσσα: | Ισπανικά |
| Έκδοση: |
Santiago
Zig-Zag
1970
|
| Σειρά: | Biblioteca de Novelistas
|
| Θέματα: | |
| Ετικέτες: |
Προσθήκη ετικέτας
Δεν υπάρχουν, Καταχωρήστε ετικέτα πρώτοι!
|
MARC
| LEADER | 00000nam a2200000 a 4500 | ||
|---|---|---|---|
| 001 | UCZ3140 | ||
| 003 | CL-VaPUC | ||
| 008 | 951020e19700000CL |||||||||||||||||spa|d | ||
| 082 | 0 | 4 | |a 853 |b PIR |2 21 |
| 100 | 0 | |a Pirandello, Luigi |e author |9 338032 | |
| 245 | 1 | 3 | |a El difunto Matías Pascal |
| 300 | |a 333 p | ||
| 942 | |c BK | ||
| 945 | |d 19951020 00:00:00 |a rbrito | ||
| 260 | |a Santiago |b Zig-Zag |c 1970 | ||
| 650 | 0 | |a Novela italiana |9 265740 | |
| 583 | |a last modification |c 19951020 00:00:00 |k Rodrigo Vera | ||
| 490 | 0 | |a Biblioteca de Novelistas | |
| 999 | |c 239654 |d 239652 | ||
| 952 | |0 0 |1 0 |4 0 |6 853_000000000000000_PIR_1970 |7 0 |8 A |9 250942 |a BIBEDU |b BIBEDU |d 2019-11-18 |i 314190K |o 853 PIR 1970 |p 314190K |r 2019-11-18 |w 2019-11-18 |y BK |k LIT | ||